=LDR 00000nam 2200000 4500 =001 INLIS000000000047864 =005 20160223091528.0 =006 =007 =008 =020 ##$$a 978-979-954-54-2-8 =035 ##$$0010-021600000000253 =040 ##$$a NPBDMAT =082 ##$$a 793.31 =090 ##$$a 793.31 $b Sen s =245 ##$$a Seni Pertunjukan Tradisional : Dokumentasi Toni Klasik/ Narasumber Umar Priyono... [et.al]; Editor Murti Harini, U. Retnoningsih =260 ##$$a [S.l] : $b [s.n], $c [20...?] =300 ##$$a 301 hlm : $b ilus $c 25 cm =500 ##$$a Bibliografi : hlm. 299-301 =650 ##$$a Tarian Indonesia =700 ##$$a Umar Priyono =700 ##$$a Murti Harini